000 00679nam a22002297a 4500
003 UA-OsUOA
001 34522
007 ta
008 20051011b un ||||| |||| 00| 0 ukr d
090 _a821.161.2
942 _cBK
040 _aUA-OsUOA
_bukr
_cUA-OsUOA
_dUA-OsUOA
245 _aКонкордація поетичних творів Тарса Шевченка
_b2
_cІльницький О., Гавриш Ю.
300 _a1554 с.
955 _a3
041 _aukr
080 _a821.161.2
020 _a1-895571-38-3
260 _aЕдмонтон
_bКІУС
_c2001
650 7 _a82 Література. Літературознавство
_2UDC
999 _c320950
_d320950